zpět

Detail výsledku týmu

U Lucerny ST, Brno

Datum a čas kvízu

34.5 Celkem bodů Celkový počet nahraných bodů na tomto kvízu bez doplňovacích otázek.
5. Pořadí na kvízu Konečné umístění týmu na tomto kvízu.

Zaznamenané odpovědi

# Otázka Odpověď Body Výsledky
1. Při rutinní kontrole parkovací... drogy 1
2. Britská královská rodina čelí... princ Andrew 1
3. Televize Nova představila minu... Ondřej Sokol 0
4. Elektrokola jsou v současnosti... Harley-Davidson 0
5. V sobotu odstartovala poslední... ve Španělsku 1
6. V následujících otázkách se po... lilek 1
7. Jak se jmenuje italský dezert... affogato 1
8. Obě nejzákladnější pizzy, tedy... Neapol 1
9. Na severu Itálie se v kuchyni... polenta 1
10. Uveďte název pečiva, které vid... focaccia 1